De evocación /
Guardat en:
| Autor principal: | |
|---|---|
| Format: | Text |
| Etiquetes: |
Afegir etiqueta
Sense etiquetes, Sigues el primer a etiquetar aquest registre!
|
MARC
| LEADER | 00000 a a2200000 04500 | ||
|---|---|---|---|
| 001 | 2622 | ||
| 003 | |||
| 040 | |||
| 100 | |a March, Aleida | ||
| 245 | |a De evocación / |c Aleida March | ||
| 773 | |g número 249; páginas 73-84 | ||
| 999 | |c 33778 |d 33778 | ||
